000 00618nam a2200193Ia 4500
005 20250508164833.0
008 008 250505s9999 xx 000 0 eng d
037 _aDissertations
040 _aFEDL
_beng
_cFEDL
041 _aeng
_2eng
084 _a371.97, MAO/DI
_qFEDL
100 _aMao Akha Kaihrii
_9779258
245 0 _a'Morung'/dormitory, the traditional educational system of the nagas : An exploratory study among the mao-nagas
260 _c2009
300 _a194p.
546 _aM.Phil Dissertation, (Delhi University)
942 _cDIS
_h371.97, MAO/DI
999 _c1391492
_d1391492